[Event "Lasker Autumn GM"]
[Site "Bucharest ROM"]
[Date "2001.10.22"]
[Round "10"]
[White "Manolache,M"]
[Black "Vajda,L"]
[Result "0-1"]
[WhiteElo "2394"]
[BlackElo "2489"]

1.d4 Nf6 2.c4 g6 3.Nc3 Bg7 4.e4 d6 5.Nf3 O-O 6.Be2 e5 7.O-O Nc6 8.d5 Ne7
9.Nd2 Nd7 10.b4 a5 11.bxa5 Rxa5 12.Nb3 Ra8 13.Be3 b6 14.a4 f5 15.f3 Kh8 16.a5 Rb8
17.axb6 cxb6 18.Nb5 Nf6 19.Nd2 Neg8 20.Ra7 Bh6 21.Qb3 Nh5 22.Bxh6 Nxh6 23.Rf2 Rf7
24.Bf1 Rxa7 25.Nxa7 Bd7 26.Nb5 Bxb5 27.cxb5 Nf6 28.Qb4 Ra8 29.Re2 fxe4 30.fxe4 Nf7
31.Rf2 Kg7 32.h3 Ra1 33.Qc3 Ra4 34.Qe3 Nd7 35.g3 Nc5 36.h4 Rd4 37.Qf3 Qe7
38.Qg4 h5 39.Qc8 Nh6 40.Bh3 Rd3 41.Kg2 Rc3 42.Qb8 Nd3 43.Re2 g5 44.Nb1 Rc1
45.Ra2 Qf6 46.Ra7+ Nf7 47.Bf5 gxh4 48.Ra8 Rc2+ 49.Kg1 Qg5 50.Qg8+ Kf6  0-1

[Event "WYB18"]
[Site "Oropesa del Mar ESP"]
[Date "2001.10.22"]
[Round "2"]
[White "Werle,J"]
[Black "Djukic,Ni"]
[Result "1-0"]
[WhiteElo "2459"]
[BlackElo "2348"]

1.Nf3 Nf6 2.c4 g6 3.Nc3 Bg7 4.e4 d6 5.d4 O-O 6.Be2 e5 7.O-O Nc6 8.d5 Ne7
9.b4 a5 10.bxa5 c5 11.a4 Ne8 12.Ra3 h6 13.Ne1 f5 14.g3 Nf6 15.exf5 gxf5 16.f4 exf4
17.Bxf4 Ne4 18.Nxe4 fxe4 19.Ng2 Nf5 20.Bd2 Nd4 21.Nf4 Bf5 22.Bg4 Qd7 23.Bxf5 Rxf5
24.Re3 Nf3+ 25.Kh1 Re8 26.Ne6 Rf7 27.Rxe4 Nd4 28.Rxf7 Qxf7 29.Rf4 Qd7 30.Nxg7 Kxg7
31.Qh5  1-0

[Event "WYB16"]
[Site "Oropesa del Mar ESP"]
[Date "2001.10.22"]
[Round "2"]
[White "Korobov,A"]
[Black "Ekdyshman,M"]
[Result "1-0"]
[WhiteElo "2467"]
[BlackElo "2281"]

1.d4 Nf6 2.c4 g6 3.Nc3 Bg7 4.e4 d6 5.Nf3 O-O 6.Be2 e5 7.O-O Nc6 8.d5 Ne7
9.b4 Nh5 10.Re1 h6 11.Nd2 Nf4 12.Bf1 g5 13.c5 f5 14.Nc4 g4 15.cxd6 cxd6 16.b5 Neg6
17.Ba3 Rf6 18.exf5 Bxf5 19.Ne3 Nh4 20.Nxf5 Nxf5 21.Ne4 Rg6 22.Bb2 Qd7 23.g3 Nh3+
24.Kh1 Rf8 25.a4 Ne7 26.Re2 Ng5 27.Nxg5 Rxg5 28.Bg2 h5 29.Rc1 h4 30.Be4 Rh5
31.Rec2 hxg3 32.fxg3 Rhf5 33.Kg1 Bh6  1-0

[Event "TSGM October"]
[Site "Belgrade YUG"]
[Date "2001.10.24"]
[Round "5"]
[White "Lopez Martinez,J"]
[Black "Sahovic,D"]
[Result "1/2-1/2"]
[WhiteElo "2474"]
[BlackElo "2387"]

1.d4 Nf6 2.c4 g6 3.Nc3 Bg7 4.e4 d6 5.Nf3 O-O 6.Be2 e5 7.O-O Nc6 8.d5 Ne7
9.Ne1 Nd7 10.Be3 f5 11.f3 f4 12.Bf2 g5 13.Rc1 Nf6 14.c5 Ne8 15.Qc2 Rf7 16.Nd3 Bf6
17.cxd6 cxd6 18.Nb5 a6 19.Nc7 Nxc7 20.Qxc7 Ng6 21.Qb6 Qf8 22.Rc3 Bd8 23.Qb4 b5
24.a4 bxa4 25.Qxa4 Bd7 26.Qd1 Bb5 27.Ra3 Rb8 28.b3 Rfb7 29.Nb2 Bxe2 30.Qxe2 Rxb3
31.Rxb3 Rxb3 32.Nc4 a5 33.Ra1 Bc7 34.h3 Qb8 35.Qc2 Nf8 36.Kh2 h5 37.Qd1 Nd7
38.Nxa5 Bxa5 39.Rxa5 Rb1 40.Qa4 Nf8 41.Ra8 Qb5 42.Qxb5 Rxb5 43.Ra6 Rb2 44.Kg1 Rb1+  1/2-1/2

[Event "WYB16"]
[Site "Oropesa del Mar ESP"]
[Date "2001.10.24"]
[Round "4"]
[White "Khamzin,O"]
[Black "Porat,S"]
[Result "0-1"]
[WhiteElo "2242"]
[BlackElo "2365"]

1.d4 Nf6 2.c4 g6 3.Nc3 Bg7 4.e4 d6 5.Be2 O-O 6.Nf3 e5 7.O-O Nc6 8.d5 Ne7
9.b4 a5 10.bxa5 c5 11.a4 Rxa5 12.Ra3 Nd7 13.Nb5 Ra6 14.Bb2 f5 15.Ng5 Nf6
16.exf5 gxf5 17.f4 Ng6 18.fxe5 dxe5 19.Nf3 Ne4 20.Re1 Re8 21.Qa1 Nf4 22.Nxe5 Qg5
23.Bf1 Rxa4 24.Ree3 Rxa3 25.Rxa3 Qh4 26.g3 Nh3+ 27.Bxh3 Qxh3 28.Rf3 Ng5 29.Rf4 Qh5
30.d6 Nh3+ 31.Kg2 Nxf4+ 32.gxf4 Qe2+ 33.Kg3 Bd7 34.Nc7 Qe3+ 35.Kg2 Qe2+ 36.Kg1 Bc6
37.Qf1 Qxb2 38.Nxe8 Bxe8 39.d7 Bxd7 40.Qd3 Bxe5 41.Qd5+ Kh8  0-1

[Event "WYB18"]
[Site "Oropesa del Mar ESP"]
[Date "2001.10.26"]
[Round "6"]
[White "Werle,J"]
[Black "Paragua,M"]
[Result "1-0"]
[WhiteElo "2459"]
[BlackElo "2447"]

1.Nf3 Nf6 2.c4 g6 3.Nc3 Bg7 4.e4 d6 5.d4 O-O 6.Be2 e5 7.O-O Nc6 8.d5 Ne7
9.b4 Nh5 10.Re1 Nf4 11.Bf1 a5 12.bxa5 Rxa5 13.a4 c5 14.Ra3 h6 15.Nb5 Ra6
16.Nd2 Bd7 17.g3 Nh5 18.Bg2 Be8 19.Nf1 Nc8 20.Bf3 Nf6 21.Ne3 Nd7 22.Bg2 Ndb6
23.Bb2 h5 24.f4 h4 25.f5 hxg3 26.hxg3 Bd7 27.Bc1 Na7 28.Nc3 Bh6 29.Ng4 Bg5
30.Rf1 Kh7 31.Ra2 Rg8 32.Bh1 Bxc1 33.Qxc1 g5 34.Rh2+ Kg7 35.Nh6 f6 36.Nxg8 Qxg8
37.Bf3 Be8 38.Rb2 Nac8 39.Qb1 Kf8 40.a5 Nxc4 41.Be2 Nxb2 42.Bxa6 bxa6 43.Qxb2 Qh7
44.Qh2 Qxh2+ 45.Kxh2 Ke7 46.Rb1 Kd8 47.Rb7 Bd7 48.Kh3 Be8 49.Kg4 Ne7 50.Ra7 Nc8
51.Rh7 c4 52.Rh6 Ke7 53.Rh1 Kd8 54.Rb1 Na7 55.Rb6 Kc7 56.Rb4 Nb5 57.Rxc4+ Kd8
58.Nxb5 Bxb5 59.Rb4 Be2+ 60.Kh3 Kc7 61.Kg2 Bb5 62.Kf3 Bd3 63.Rb2 Kc8 64.Rd2 g4+
65.Ke3 Bf1 66.Rh2 Kd7 67.Rh5  1-0

[Event "XVII Moratalaz Open"]
[Site "Madrid ESP"]
[Date "2001.10.27"]
[Round "9"]
[White "Simonenko,S"]
[Black "Martinez Martin,D"]
[Result "1/2-1/2"]
[WhiteElo "2419"]
[BlackElo "2297"]

1.d4 Nf6 2.c4 g6 3.Nc3 Bg7 4.e4 d6 5.Nf3 O-O 6.Be2 e5 7.O-O Nc6 8.d5 Ne7
9.Kh1 Kh8 10.a4 Nd7 11.a5 f5 12.Ne1 Nf6 13.exf5 Nxf5 14.Bd3 e4 15.Nxe4 Nxe4
16.Bxe4 Qh4 17.Bd3 Nd4 18.Be3 Bg4 19.f3 Bd7 20.Bf2 Qh6 21.Be4 Nf5 22.Qc1 Qh5
23.Nd3 Bh6 24.g4 Bxc1 25.gxh5 Bh6 26.hxg6 hxg6 27.Rg1 Kg7 28.c5 a6 29.b4 Kf7
30.Ra2 Bb5 31.Rc2 Rac8 32.c6 bxc6 33.dxc6 Ne7 34.Bh4 Nf5 35.Bf2 Ne7 36.Nb2 Bf4
37.Bd4 g5 38.Nd3 d5 39.Nxf4 gxf4 40.Bh7 Nxc6 41.Rg7+ Ke6 42.Rg6+ Kd7 43.Bc5 Rfe8
44.Rg7+ Ke6 45.Rc1 d4 46.Be4 Rg8  1/2-1/2

[Event "5th OIBM"]
[Site "Bad Wiessee GER"]
[Date "2001.10.28"]
[Round "2"]
[White "Meyer,Hart"]
[Black "Bromberger,S"]
[Result "1-0"]
[WhiteElo "2145"]
[BlackElo "2399"]

1.d4 Nf6 2.c4 g6 3.Nc3 Bg7 4.e4 O-O 5.Be2 d6 6.Nf3 e5 7.O-O Nc6 8.d5 Ne7
9.Nd2 a5 10.a3 Nd7 11.Rb1 f5 12.b4 Kh8 13.bxa5 Rxa5 14.Nb3 Ra8 15.f3 Ng8
16.Nb5 Bh6 17.Bxh6 Nxh6 18.Qc1 Kg7 19.c5 fxe4 20.cxd6 exf3 21.Nxc7 Nf6 22.Bxf3 Bf5
23.Nc5  1-0

[Event "Jonsson Mem Open"]
[Site "Reykjavik ISL"]
[Date "2001.10.28"]
[Round "5"]
[White "Edvardsson,K"]
[Black "Simonsen,O"]
[Result "1-0"]
[WhiteElo "2245"]
[BlackElo "2214"]

1.d4 Nf6 2.Nf3 g6 3.c4 Bg7 4.Nc3 O-O 5.e4 d6 6.Be2 e5 7.O-O Nc6 8.d5 Ne7
9.b4 Nh5 10.Re1 Nf4 11.Bf1 g5 12.g3 Nh3+ 13.Bxh3 Bxh3 14.Nxg5 Bd7 15.Qh5 h6
16.Nf3 Kh7 17.g4 Qc8 18.h3 Ng6 19.Ne2 c6 20.Bd2 cxd5 21.cxd5 Qc4 22.Rac1 Qxa2
23.Rc7 Qb3 24.g5 Rad8 25.gxh6 Bf6 26.Bg5 Bxg5 27.Nxg5+ Kh8 28.Rxb7 a5 29.Kh2 a4
30.Qf3 Qxf3 31.Nxf3 Kh7 32.Rc1 Be8 33.b5 Kxh6 34.b6 Nf4 35.Nxf4 exf4 36.Nd4 Kg5
37.Rcc7 Rh8 38.Ra7 Rh5 39.b7 Bd7 40.Rxd7  1-0

[Event "WYB16"]
[Site "Oropesa del Mar ESP"]
[Date "2001.10.30"]
[Round "9"]
[White "Korobov,A"]
[Black "Mamedov,N"]
[Result "1/2-1/2"]
[WhiteElo "2467"]
[BlackElo "2405"]

1.d4 Nf6 2.c4 g6 3.Nc3 Bg7 4.e4 d6 5.Nf3 O-O 6.Be2 e5 7.O-O Nc6 8.d5 Ne7
9.b4 Nh5 10.Re1 c6 11.Nd2 Nf4 12.Bf1 f5 13.g3 Nh5 14.exf5 Nxf5 15.Nde4 Nd4
16.Bg5 Qc7 17.Bg2 Bf5 18.c5 dxc5 19.d6 Qd7 20.bxc5 Bg4 21.Qd3 h6 22.Be3 b6
23.Bxd4 exd4 24.Na4 Rab8 25.Rab1 Qf7 26.cxb6 axb6 27.Rxb6 Rxb6 28.Nxb6 Qxa2
29.d7 Kh7 30.Rc1 Bf5 31.Qd2 Qa7 32.Rxc6 Bxd7  1/2-1/2

[Event "Chigorin Mem Open"]
[Site "St Petersburg RUS"]
[Date "2001.10.31"]
[Round "6"]
[White "Biriukov,O"]
[Black "Solovjov,S"]
[Result "1/2-1/2"]
[WhiteElo "2370"]
[BlackElo "2497"]

1.c4 Nf6 2.d4 g6 3.Nc3 Bg7 4.e4 O-O 5.Be2 d6 6.Nf3 e5 7.O-O Nc6 8.d5 Ne7
9.Ne1 Nd7 10.Nd3 f5 11.Bd2 Nf6 12.f3 f4 13.c5 g5 14.Rc1 Ng6 15.Nb5 a6 16.cxd6 axb5
17.dxc7 Qe8 18.Qb3 b6 19.Rc6 Rf7 20.Nf2 Bf8 21.Bxb5 Bd7 22.Rfc1 Bc5 23.Bb4 Ne7
24.Rxf6 Rxf6 25.Bxc5 bxc5 26.d6+ Kg7 27.Bxd7 Qxd7 28.dxe7 Qxc7 29.Qd5 Rfa6
30.Rxc5 Qxe7 31.Qxe5+ Qxe5 32.Rxe5 Kg6 33.h4 h6 34.hxg5 hxg5 35.a3 Ra5 36.Rxa5 Rxa5
37.Nd3 Ra8 38.g3 Rd8 39.Ne5+ Kh5 40.gxf4 gxf4 41.Kg2 Kh4 42.Nc4 Rd1 43.a4 Ra1
44.a5 Ra4 45.Ne5 Rxa5 46.Nd3 Ra2 47.Kf2 Kg5 48.Ke2 Ra6 49.Kd2 Rf6 50.Ke2 Rf8
51.Kf2 Kh4 52.Kg2 Kg5 53.Kf2 Kh4 54.Kg2 Rd8 55.Nxf4 Rd2+ 56.Kf1 Kg3 57.Ne2+ Kxf3
58.Nc3 Rxb2 59.Ke1 Rc2 60.Nd1 Re2+ 61.Kf1 Rxe4 62.Nf2 Re2 63.Nd1 Re8 64.Nf2 Rg8
65.Nd1 Re8 66.Nf2 Ke3 67.Nd1+ Kd2 68.Nf2 Rf8 69.Kg2 Ke2 70.Ng4 Rf4  1/2-1/2

[Event "WYB16"]
[Site "Oropesa del Mar ESP"]
[Date "2001.11.01"]
[Round "10"]
[White "Palo,D"]
[Black "Annaberdiev,M"]
[Result "1-0"]
[WhiteElo "2327"]
[BlackElo "2205"]

1.d4 Nf6 2.Nf3 g6 3.c4 Bg7 4.Nc3 O-O 5.e4 d6 6.Be2 e5 7.O-O Nc6 8.d5 Ne7
9.b4 Nd7 10.a4 h6 11.Ba3 f5 12.c5 Nf6 13.Nd2 g5 14.b5 Ng6 15.b6 axb6 16.cxd6 cxd6
17.Nc4 Ne8 18.Rb1 Nf4 19.Nxb6 Rb8 20.Rb3 fxe4 21.Nxc8 Rxc8 22.Nxe4 Qa5 23.Bb5 Rc7
24.g3 Ng6 25.Qh5 Ne7 26.Bxe8 Qxd5 27.Bxd6 Rc8 28.Bxe7 Qxb3 29.Bxf8 Kxf8 30.Bf7 Qxa4
31.Be6 Rc7 32.Qf3+  1-0

[Event "FSIM November"]
[Site "Budapest HUN"]
[Date "2001.11.04"]
[Round "2"]
[White "Farago,S"]
[Black "Cooke,E"]
[Result "0-1"]
[WhiteElo "2323"]
[BlackElo "2212"]

1.d4 Nf6 2.Nf3 g6 3.c4 Bg7 4.Nc3 O-O 5.e4 d6 6.Be2 e5 7.O-O Nc6 8.d5 Ne7
9.Ne1 Ne8 10.Nd3 f5 11.f4 Kh8 12.Bf3 Ng8 13.fxe5 dxe5 14.Qe2 f4 15.b3 Nh6
16.Bb2 g5 17.h3 g4 18.hxg4 Qg5 19.Nf2 Qh4 20.Ncd1 Rg8 21.Bc3 Nf6 22.Be1 Qg5
23.Nh3 Qg6 24.g5 Bxh3 25.gxh3 Qxg5+ 26.Kh2 Nf7 27.Rg1 Qh6 28.Nf2 Ng5 29.Bg4 Bf8
30.Bc3 Re8 31.Bf5 Bc5 32.Nd3 f3 33.Qb2 Bxg1+ 34.Rxg1 Ngxe4 35.Bxe5 Rxg1 36.Bxe4 Rg2+
37.Qxg2 fxg2 38.Bxg2 Rxe5  0-1

[Event "ch-NR"]
[Site "Novosibirsk RUS"]
[Date "2001.11.14"]
[Round "2"]
[White "Duisenova,M"]
[Black "Botvinkov,A"]
[Result "1-0"]
[WhiteElo "2020"]
[BlackElo "2222"]

1.Nf3 Nf6 2.c4 g6 3.Nc3 Bg7 4.e4 O-O 5.d4 d6 6.Be2 e5 7.O-O Nc6 8.d5 Ne7
9.b4 Nh5 10.Re1 Nf4 11.Bf1 h6 12.c5 g5 13.cxd6 cxd6 14.Nd2 Neg6 15.Nc4 Qf6
16.Nb5 Bd7 17.a4 h5 18.Nbxd6 Nh4 19.Bxf4 exf4 20.Qxh5 Ng6 21.e5 Qd8 22.Bd3 Be8
23.Nxe8 Rxe8 24.Bxg6 fxg6 25.Qf3 Qc7 26.Rac1 Bxe5 27.d6 Bxd6 28.Qd5+ Kh8
29.Nxd6 Rxe1+ 30.Rxe1 Kg7 31.Qe5+  1-0

[Event "ch-NR"]
[Site "Novosibirsk RUS"]
[Date "2001.11.17"]
[Round "5"]
[White "Rusakov,E"]
[Black "Botvinkov,A"]
[Result "1-0"]
[WhiteElo "2142"]
[BlackElo "2222"]

1.d4 Nf6 2.Nf3 g6 3.c4 Bg7 4.Nc3 O-O 5.e4 d6 6.Be2 e5 7.O-O Nc6 8.d5 Ne7
9.b4 Nh5 10.Re1 Nf4 11.Bf1 Bg4 12.h3 Bc8 13.c5 h6 14.Nd2 g5 15.Nc4 f5 16.cxd6 cxd6
17.g3 Nfg6 18.a4 Rf7 19.Nb5 Rf6 20.Ba3 Bf8 21.Nbxd6 Rxd6 22.Nxd6 Qxd6 23.b5 Qf6
24.d6 f4 25.d7 fxg3 26.fxg3 Qb6+ 27.Kg2 Bxd7 28.Qxd7 Rd8 29.a5 Rxd7 30.axb6 axb6
31.Red1 Rxd1 32.Rxd1  1-0

[Event "TCh-BEL 2001-2"]
[Site "Belgium BEL"]
[Date "2001.11.25"]
[Round "3"]
[White "Kocsis,Le"]
[Black "Dobrowolski,P"]
[Result "1-0"]
[WhiteElo "2392"]
[BlackElo "2375"]

1.c4 g6 2.Nf3 Bg7 3.e4 d6 4.d4 Nf6 5.Nc3 O-O 6.Be2 e5 7.O-O Nc6 8.d5 Ne7
9.Ne1 Nd7 10.Nd3 f5 11.Bd2 Nf6 12.f3 Kh8 13.b4 Neg8 14.a4 Bh6 15.a5 Bxd2
16.Qxd2 f4 17.c5 Bd7 18.b5 g5 19.c6 bxc6 20.bxc6 Bc8 21.Rfb1 g4 22.Rb3 Ne7
23.Rab1 gxf3 24.Bxf3 Bg4 25.Qe2 Rg8 26.Nf2 h5 27.a6 Qc8 28.Rb7 Ng6 29.Bxg4 hxg4
30.g3 Rg7 31.Nb5 Nh4 32.Nxa7 Qg8 33.gxh4 g3 34.Nh3 gxh2+ 35.Kh1 Rg3 36.Ng5 f3
37.Qf2 Rxg5 38.hxg5 Qxg5 39.Qxh2+ Kg7 40.Rxc7+  1-0

[Event "FSGMA December"]
[Site "Budapest HUN"]
[Date "2001.12.01"]
[Round "1"]
[White "Horvath,Ad"]
[Black "Horvath,Jo"]
[Result "1/2-1/2"]
[WhiteElo "2490"]
[BlackElo "2551"]

1.d4 g6 2.c4 Bg7 3.e4 d6 4.Nc3 Nf6 5.Nf3 O-O 6.Be2 e5 7.O-O Nc6 8.d5 Ne7
9.Nd2 Nd7 10.b4 f5 11.c5 Nf6 12.f3 f4 13.Nc4 g5 14.Ba3 h5 15.b5 Ne8 16.Bb4 Ng6
17.a4 Rf7 18.a5 Bf8 19.c6 b6 20.axb6 cxb6 21.Na4 Rb8 22.Nab2 Nf6 23.Kh1 g4
24.Be1  1/2-1/2

[Event "FSIMA December"]
[Site "Budapest HUN"]
[Date "2001.12.05"]
[Round "5"]
[White "Petran,Pa"]
[Black "Resika,N"]
[Result "1-0"]
[WhiteElo "2372"]
[BlackElo "2182"]

1.d4 g6 2.c4 Bg7 3.Nc3 d6 4.e4 Nf6 5.Be2 O-O 6.Nf3 e5 7.O-O Nc6 8.d5 Ne7
9.b4 Nh5 10.Re1 f5 11.Ng5 Nf6 12.f3 Nh5 13.g3 a5 14.bxa5 Rxa5 15.Bd2 c6 16.Qb3 Kh8
17.Na4 Rxa4 18.Qxa4 h6 19.Ne6 Bxe6 20.dxe6 Qb6+ 21.Kg2 fxe4 22.Qb3 exf3+
23.Bxf3 Qc7 24.Bxh5 gxh5 25.Rf1 Nf5 26.Qc2 Nd4 27.Qg6 Qe7 28.Rxf8+ Bxf8 29.Rf1  1-0

[Event "Friendship GM"]
[Site "Prerove CZE"]
[Date "2001.12.05"]
[Round "2"]
[White "Kalod,R"]
[Black "Gross,Dav CZE"]
[Result "1/2-1/2"]
[WhiteElo "2479"]
[BlackElo "2469"]

1.Nf3 Nf6 2.c4 g6 3.Nc3 Bg7 4.d4 O-O 5.e4 d6 6.Be2 e5 7.O-O Nc6 8.d5 Ne7
9.b4 Nh5 10.Re1 h6 11.Nd2 Nf4 12.Bf1 f5 13.a4 g5 14.a5 g4 15.Ra3 h5 16.c5 fxe4
17.Ndxe4 Nf5 18.Be3 a6 19.cxd6 cxd6 20.Bb6 Qe8 21.g3 Nh3+ 22.Bxh3 gxh3 23.Ng5 Qg6
24.Nce4 Nd4 25.Bxd4 exd4 26.Ne6 Bxe6 27.dxe6 Qxe6 28.Qxh5 Rae8 29.Rf3 Rxf3
30.Qxf3 Re7 31.Qh5 d5 32.Qh7+ Kf8 33.f3 dxe4 34.Rxe4 Qb3 35.Rxe7 Qd1+ 36.Kf2 Kxe7
37.Qxg7+ Kd6 38.Qf6+ Kd5 39.Qf5+ Kc4 40.Qc8+ Kd3 41.Qf5+ Kc4  1/2-1/2

[Event "FSIMA December"]
[Site "Budapest HUN"]
[Date "2001.12.06"]
[Round "6"]
[White "Gonda,L"]
[Black "Erdelyi,Z"]
[Result "1-0"]
[WhiteElo "2309"]
[BlackElo "2242"]

1.c4 g6 2.d4 Nf6 3.Nf3 Bg7 4.Nc3 O-O 5.e4 d6 6.Be2 e5 7.O-O Nc6 8.d5 Ne7
9.Bg5 h6 10.Bxf6 Bxf6 11.b4 a5 12.a3 Bg7 13.Nd2 f5 14.f3 h5 15.c5 g5 16.Nc4 axb4
17.axb4 Rxa1 18.Qxa1 Ng6 19.cxd6 cxd6 20.Qa5 Qf6 21.Qb6 Rd8 22.exf5 Nf4 23.Bd1 Bxf5
24.Ne4 Qe7 25.Ncxd6 Bxe4 26.Nxe4 Nxd5 27.Qg6 Nf4 28.Bb3+ Kh8 29.Qxg5 Qxg5
30.Nxg5 Rd2 31.g3 Nd3 32.Ra1 Bf6 33.Ne4 Rb2 34.Bc4  1-0

[Event "FSIMA December"]
[Site "Budapest HUN"]
[Date "2001.12.08"]
[Round "8"]
[White "Mensch,E"]
[Black "Rajlich,V"]
[Result "1-0"]
[WhiteElo "2299"]
[BlackElo "2257"]

1.d4 g6 2.c4 Nf6 3.Nc3 Bg7 4.e4 d6 5.Nf3 O-O 6.Be2 e5 7.O-O Nc6 8.d5 Ne7
9.Bd2 Nh5 10.g3 f5 11.exf5 Nxf5 12.Ng5 Nf6 13.Ne6 Bxe6 14.dxe6 Nd4 15.Be3 Nxe6
16.Qb3 Nd4 17.Qxb7 Rb8 18.Qxa7 Nxe2+ 19.Nxe2 Rxb2 20.Nc3 c6 21.Rab1 Qb8 22.Qa3 Rxb1
23.Rxb1 Qc7 24.Qa6 d5 25.Rb7 Qc8 26.Qa7 Nh5 27.Bc5 Rd8 28.Be7 Re8 29.Bd6 e4
30.Rb8 Qe6 31.Qa8 Nf6 32.cxd5 cxd5 33.Nxd5 Rxb8 34.Qxb8+ Ne8 35.Nf4 Qxd6
36.Qxe8+ Bf8 37.Qxe4 Qd1+ 38.Kg2 Qd2 39.Qe6+ Kg7 40.Qe5+ Kg8 41.a4 Bb4 42.Nd5 h6
43.Qb8+ Bf8 44.Qe5 Qc2 45.Qe6+ Kh8 46.Nf6 Kg7 47.Nd7 Bb4 48.Qe5+ Kf7 49.Qf4+ Ke7
50.Qxb4+ Kxd7 51.Qb7+ Kd6 52.a5 h5 53.h4 Qf5 54.a6 g5 55.hxg5 h4 56.Qb4+ Kc6
57.Qxh4 Kb6 58.Qd4+ Kxa6 59.Qf6+  1-0

[Event "FSIMA December"]
[Site "Budapest HUN"]
[Date "2001.12.10"]
[Round "10"]
[White "Petran,Pa"]
[Black "Erdelyi,Z"]
[Result "1/2-1/2"]
[WhiteElo "2372"]
[BlackElo "2242"]

1.d4 Nf6 2.c4 g6 3.Nc3 Bg7 4.Nf3 O-O 5.e4 d6 6.Be2 e5 7.O-O Nc6 8.d5 Ne7
9.b4 c6 10.dxc6 Nxc6 11.Rb1 a5 12.b5 Nd4 13.Nxd4 exd4 14.Qxd4 Nxe4 15.Qxe4 Bxc3
16.Bd3 Re8 17.Qf3 Be5 18.Be3 h5 19.Rfe1 Qh4 20.g3 Qe7 21.Bf4 Bg4 22.Qe3 Qd7
23.Bxe5 Rxe5 24.Qb6 h4 25.Rxe5 dxe5 26.Be4 Bf5 27.Bxf5 Qxf5 28.Re1 Qf3 29.Qe3 Qxe3
30.Rxe3 Rc8 31.Rxe5 Rxc4 32.gxh4 Rxh4 33.Re7 Ra4 34.Rxb7 Rxa2 35.Ra7 a4 36.b6 Rb2
37.b7 Kg7  1/2-1/2

[Event "Friendship IM"]
[Site "Prerove CZE"]
[Date "2001.12.10"]
[Round "7"]
[White "Molnar,Be"]
[Black "Hitzgerova,G"]
[Result "1/2-1/2"]
[WhiteElo "2363"]
[BlackElo "2160"]

1.d4 d6 2.c4 g6 3.Nc3 Bg7 4.e4 Nf6 5.Be2 O-O 6.Nf3 e5 7.O-O Nc6 8.d5 Ne7
9.Kh1 Nd7 10.g4 a5 11.Ne1 Kh8 12.Be3 f5 13.f3 f4 14.Bf2 Bf6 15.Nd3 b6 16.Kg2 Ng8
17.Qe1 Rf7 18.a3 Nc5 19.Nxc5 bxc5 20.b4 axb4 21.axb4 Rxa1 22.Qxa1 cxb4 23.Nb5 h5
24.h3 hxg4 25.fxg4 Bh4 26.Bxh4 Qxh4 27.Qe1 Qxe1 28.Rxe1 Ba6 29.Ra1 Bxb5 30.cxb5 Nf6
31.Ra7 Kg7 32.Kf3 g5 33.Bd1 Nh7 34.Rb7 Nf8 35.Kf2 Ng6 36.Bf3 Nh4 37.Ra7 Kf6
38.Be2 Ng6 39.Ra4 Nf8 40.Rxb4 Nd7 41.Kf3 Nb6 42.Rb1 Rh7 43.Kg2 Ke7 44.Ra1 Kd7
45.Ra7 Kc8 46.Ra1 Kb7 47.Ra3 Rh8 48.Bf1 Kc8 49.Kf3 Kb8 50.Ra1 Kb7 51.Ra2  1/2-1/2

[Event "FSIMA December"]
[Site "Budapest HUN"]
[Date "2001.12.13"]
[Round "13"]
[White "Gonda,L"]
[Black "Meszaros,T"]
[Result "1-0"]
[WhiteElo "2309"]
[BlackElo "2364"]

1.d4 Nf6 2.Nf3 g6 3.c4 Bg7 4.Nc3 O-O 5.e4 d6 6.Be2 e5 7.O-O Nc6 8.d5 Ne7
9.Bg5 h6 10.Bxf6 Bxf6 11.b4 Bg7 12.Nd2 f5 13.c5 fxe4 14.Ndxe4 Nf5 15.Bg4 h5
16.Bh3 Qh4 17.Qd3 a6 18.a4 Bh6 19.Ne2 g5 20.Bxf5 Bxf5 21.N2g3 Bh7 22.cxd6 cxd6
23.Qe2 Rad8 24.Rac1 Rd7 25.Rc4 g4 26.b5 axb5 27.axb5 Bg6 28.f3 Bf4 29.b6 gxf3
30.Rxf3 Qd8 31.Qf2 Qa8 32.Rc7 Rxc7 33.bxc7 Qa1+ 34.Qf1 Qd4+ 35.Qf2 Qxd5 36.Nf6+ Rxf6
37.c8=Q+ Rf8 38.Qc3 Ra8 39.Qb3 Ra1+ 40.Nf1 Qxb3 41.Rxb3 Bf7 42.Rc3 b5 43.g3 Bc4
44.gxf4  1-0

[Event "Friendship GM"]
[Site "Prerove CZE"]
[Date "2001.12.14"]
[Round "11"]
[White "Nalivajko,E"]
[Black "Gross,Dav CZE"]
[Result "1/2-1/2"]
[WhiteElo "2481"]
[BlackElo "2469"]

1.d4 Nf6 2.c4 g6 3.Nc3 d6 4.e4 Bg7 5.Nf3 O-O 6.Be2 e5 7.O-O Nc6 8.d5 Ne7
9.Ne1 Nd7 10.Nd3 f5 11.Bd2 Nf6 12.f3 f4 13.c5 g5 14.Rc1 Ng6 15.cxd6 cxd6
16.Nb5 Rf7 17.Qc2 Ne8 18.a4 h5 19.Nf2 Bf8 20.h3 Nh4 21.a5 Rg7 22.Qd1 Nf6
23.Be1 Kh8 24.Rc3 a6 25.Na3 b5 26.axb6 Qxb6 27.Nc4 Qa7 28.Na5 Qf7 29.Nc4 Qa7
30.Na5 Qf7 31.Nc4  1/2-1/2

[Event "Winter Cup"]
[Site "Bucharest ROM"]
[Date "2001.12.15"]
[Round "5"]
[White "Oancea,N"]
[Black "Aldea,L"]
[Result "0-1"]
[WhiteElo "2158"]
[BlackElo "2233"]

1.d4 Nf6 2.c4 g6 3.Nc3 Bg7 4.e4 d6 5.Nf3 O-O 6.Be2 e5 7.O-O Nc6 8.d5 Ne7
9.b4 Nh5 10.Re1 f5 11.Ng5 Nf6 12.f3 Nh5 13.Be3 Nf4 14.Qd2 Nxe2+ 15.Rxe2 f4
16.Bf2 h6 17.Ne6 Bxe6 18.dxe6 Rf6 19.Nd5 Rxe6 20.Rc1 c6 21.Nxe7+ Rxe7 22.Qc2 Rd7
23.Rd2 Kh7 24.b5 Rc8 25.a4 Qa5 26.Rcd1 cxb5 27.axb5 Bf8 28.Qb3 Qd8 29.c5 Qf6
30.Qa4 Qe6 31.Qxa7 g5 32.Qa2 Qg6 33.Rd5 g4 34.Qe2 gxf3 35.Qxf3 Ra8 36.Rxe5 Rg7
37.Red5 dxc5 38.Rd7 Be7 39.e5 Ra5 40.Rxb7 Ra2 41.Rbd7 c4 42.Qb7 Qc2 43.R7d2 Qxd2
44.Rxd2 Rxd2 45.Qe4+ Kh8 46.Be1 Rd1 47.Qe2 Rb1 48.Qd2 c3 49.Qf2 f3 50.g3 c2
51.Qxc2 Rxe1+ 52.Kf2 Re2+  0-1

[Event "Winter Cup"]
[Site "Bucharest ROM"]
[Date "2001.12.16"]
[Round "6"]
[White "Nanu,C"]
[Black "Moraru,M"]
[Result "1/2-1/2"]
[WhiteElo "2412"]
[BlackElo "2303"]

1.d4 Nf6 2.c4 g6 3.Nc3 Bg7 4.e4 d6 5.Nf3 O-O 6.Be2 e5 7.O-O Nc6 8.d5 Ne7
9.Ne1 Nd7 10.Nd3 f5 11.f3 f4 12.g4 fxg3 13.hxg3 Nf6 14.Kg2 Rf7 15.Be3 h5  1/2-1/2

[Event "ch-BRA"]
[Site "Sao Paolo BRA"]
[Date "2001.12.18"]
[Round "2"]
[White "Loureiro,L"]
[Black "Bouwman,M"]
[Result "1/2-1/2"]
[WhiteElo "2353"]
[BlackElo "2268"]

1.d4 Nf6 2.c4 g6 3.Nc3 Bg7 4.e4 d6 5.Be2 O-O 6.Nf3 e5 7.O-O Nc6 8.d5 Ne7
9.b4 a5 10.Ba3 axb4 11.Bxb4 Ne8 12.a4 b6 13.Qb3 f5 14.Rfd1 Kh8 15.Nd2 fxe4
16.Ndxe4 Nf5 17.Nb5 Bd7 18.a5 bxa5 19.Rxa5 Bxb5 20.cxb5 Nd4 21.Qc4 Rb8 22.Bd2 h6
23.Rf1  1/2-1/2

[Event "Winter Cup"]
[Site "Bucharest ROM"]
[Date "2001.12.19"]
[Round "9"]
[White "Solcanean,S"]
[Black "Aldea,L"]
[Result "0-1"]
[WhiteElo "2236"]
[BlackElo "2233"]

1.d4 Nf6 2.c4 g6 3.Nc3 Bg7 4.e4 d6 5.Be2 O-O 6.Nf3 e5 7.O-O Nc6 8.d5 Ne7
9.Ne1 Nd7 10.Nd3 f5 11.Bd2 Nf6 12.f3 f4 13.c5 g5 14.Rc1 Ng6 15.cxd6 cxd6
16.Nb5 Rf7 17.Qc2 Ne8 18.a4 h5 19.Nf2 Bf8 20.h3 Nh4 21.Be1 Bd7 22.a5 Qf6
23.Qd1 Rh7 24.Rc3 Be7 25.Nc7 Nxc7 26.Rxc7 Bd8 27.Rxb7 Ba4 28.Qxa4 Rxb7 29.Bc3 Rh7
30.Bb4 Bc7 31.Qa3 Rf8 32.Rc1 g4 33.fxg4 f3 34.Bxf3 Qf4 35.Rc3 hxg4 36.hxg4 Qg3
37.Kf1 Nxg2 38.Rb3 Nh4 39.Ke2 Rhf7  0-1

[Event "10th Open"]
[Site "Aschach AUT"]
[Date "2001.12.28"]
[Round "4"]
[White "Polajzer,D"]
[Black "Hertneck,G"]
[Result "1/2-1/2"]
[WhiteElo "2430"]
[BlackElo "2570"]

1.Nf3 Nf6 2.c4 g6 3.Nc3 Bg7 4.e4 d6 5.d4 O-O 6.Be2 e5 7.O-O Nc6 8.Be3 exd4
9.Nxd4 Re8 10.f3 Nh5 11.Qd2 Nf4 12.Nxc6 Nxe2+ 13.Qxe2 bxc6 14.Rfd1 Qe7 15.Qd2 f5
16.Bd4 Be6 17.b3 a5 18.Re1 Qf7 19.Rad1 Bf8 20.exf5 Bxf5 21.Rxe8 Rxe8 22.Na4 c5
23.Bb2 Ra8 24.Re1 Bd7 25.Qc3 Bg7 26.Qxg7+ Qxg7 27.Bxg7 Bxa4 28.Re7 Be8 29.Bc3 a4
30.bxa4 Kf8 31.Rxc7 Rxa4 32.Bf6 Ra6 33.h4 Bf7 34.Rc8+ Be8 35.Rc7 Bf7 36.Rc8+ Be8  1/2-1/2

[Event "Premier"]
[Site "Hastings ENG"]
[Date "2001.12.30"]
[Round "2"]
[White "Gallagher,Jo"]
[Black "Hebden,M"]
[Result "1/2-1/2"]
[WhiteElo "2511"]
[BlackElo "2567"]

1.d4 Nf6 2.Nf3 g6 3.c4 Bg7 4.Nc3 O-O 5.e4 d6 6.Be2 e5 7.O-O Nc6 8.d5 Ne7
9.Bg5 Nh5 10.Ne1 Nf4 11.Nd3 Nxe2+ 12.Qxe2 h6 13.Bd2 c5 14.Rab1 b6 15.a3 Ba6
16.b3 Qd7 17.f4 exf4 18.Nxf4 Rae8 19.Kh1 Bc8 20.Qf3 Kh7 21.Rbe1 Ng8 22.h3 Qd8
23.Nce2 Nf6 24.Ng3 Nd7 25.Nd3 Ne5 26.Nxe5 Bxe5 27.Bc3 Bxc3 28.Qxc3 Re5 29.Rf4 Qe7  1/2-1/2

[Event "4th Hilton Open"]
[Site "Basel SUI"]
[Date "2002.01.04"]
[Round "5"]
[White "Nemet,I"]
[Black "Shchekachev,A"]
[Result "0-1"]
[WhiteElo "2428"]
[BlackElo "2573"]

1.d4 Nf6 2.Nf3 g6 3.c4 Bg7 4.Nc3 O-O 5.e4 d6 6.Be2 e5 7.O-O Nc6 8.d5 Ne7
9.Nd2 a5 10.b3 c5 11.Nb5 Ne8 12.Bb2 Bd7 13.f4 Bxb5 14.cxb5 exf4 15.Bxg7 Nxg7
16.Rxf4 f5 17.Qc2 g5 18.Rf2 f4 19.Nc4 Ng6 20.Bd3 Qf6 21.e5 Nxe5 22.Bxh7+ Kh8
23.Nxe5 Qxe5 24.Rff1 Rae8 25.Bg6 Qd4+ 26.Kh1 Re3 27.Rad1 Qe5 28.b6 Rf6 29.Rd2 g4
30.Rdf2 g3 31.Rf3 Rxf3 32.gxf3 Qg5 33.Be4 Rh6 34.Rg1 Qe5 35.Rg2 Ne8 36.Qb2 Qxb2
37.Rxb2 Nf6 38.Kg1 gxh2+ 39.Kh1 Kg7 40.Rg2+ Kf7 41.Rg5 Nxe4 42.fxe4 f3  0-1